NHL Goalies with 400+ Wins All Time - Statistics

General Stats
  • This quiz has been taken 224 times
  • The average score is 6 of 11
Answer Stats
Position Wins Answer % Correct
#1 691 Martin Brodeur
95%
#2 551 Patrick Roy
94%
#8 420 (Active Player, subject to change) Roberto Luongo
63%
#3 484 Ed Belfour
57%
#10 403 Grant Fuhr
56%
#6 437 Jacques Plante
54%
#5 447 Terry Sawchuk
49%
#4 454 Curtis Joseph
48%
#7 423 Tony Esposito
45%
#11 401 Chris Osgood
34%
#9 407 Glenn Hall
32%
No matching quizzes found
Score Distribution
Percent of People with Each Score
Percentile by Number Answered
Your Score History
You have not taken this quiz